000 00260nam a2200109Ia 4500
008 220204s9999 xx 000 0 und d
082 _a091
_bKUR
100 _aKuriyan George
245 0 _aIndia: A general survey
260 _aNew Delhi
_bNBT
_c1975
942 _cBK
999 _c24240
_d24240